| 000 | 00713nam a2200205Ii 4500 | ||
|---|---|---|---|
| 003 | JO-AjNU | ||
| 008 | 230605s9999||||xx |||||||||||||| ||und|| | ||
| 017 | _a1971/2666 | ||
| 040 |
_aJO-AjNU _bara _erda _cJO-AjNU |
||
| 041 | _aara | ||
| 050 | 1 | 4 | _aLB1570.T3912 1982 |
| 100 | 3 |
_aتايلور،رالف مؤلف/كاظم،أحمد خيري م.مشارك/عبد الحميد،جابر م.مشارك, _eauthor _917946 |
|
| 245 | 0 | 0 | _aأساسيات المناهج |
| 264 | 3 | 1 | _aالقاهرة:دار النهضة العربية،1982 |
| 300 | _a157ص | ||
| 336 |
_atext _btxt _2rdacontent |
||
| 337 |
_aunmediated _bn _2rdamedia |
||
| 338 |
_avolume _bnc _2rdacarrier |
||
| 650 | 4 |
_aالتعليم-مناهج _917947 |
|
| 999 |
_aA5648 _c9216 _d9216 |
||